Statistics for Italian Cuisine by Picture

Click here to take the quiz!

General Stats

  • This quiz has been taken 346 times
  • The average score is 8 of 12

Answer Stats

Answer % Correct
Pizza
100%
Pesto
89%
Ravioli
84%
Tiramis├╣
80%
Risotto
79%
Espresso
75%
Mozzarella
71%
Spaghetti alla {Carbonara}
48%
Focaccia
48%
Limoncello
48%
Panna Cotta
34%
Chianti
22%

Score Distribution

Percentile by Number Answered

Percent of People with Each Score

Your Score History

You have not taken this quiz